Score 0/23 Timer 03:00
1 Play Today
Hint 4-Letter Word % Correct
Stallion's mateMARE
95.3%
Female's mateMALE
93.9%
The College Of William and ____, 1693MARY
91.6%
MiddayNOON
90.1%
Collegiate School, 1701, now known as ____ UniversityYALE
89%
Brazilian soccer legendPELE
85.3%
Christmas timeYULE
84.3%
College Of Philadelphia, 1740, now known as Univ. of ____.PENN
80%
Diving birdLOON
78%
Luxurious weaselMINK
76.7%
Fur piecePELT
76.4%
Mindy's alienMORK
76.2%
Hint 4-Letter Word % Correct
Tony Shalhoub TV detectiveMONK
75.7%
Sign gasNEON
74.6%
Tight curl in a hose or Ray DaviesKINK
72.5%
WhinePULE
72%
RepressedPENT
69.6%
Person of low social rank, like a freshmanPEON
69.4%
Traditional knowledgeLORE
67.6%
Lonely and abandonedLORN
63.2%
____ College of Pennsylvania, 1787YORK
63%
Time pastYORE
60.7%
____'s College, 1754, now known as Columbia UniversityKING
57.8%

Today's Daily Dose

Missing Word
'D' in Video Games

Word Ladder
Lent Begins

Get the Picture
Antz or A Bug's Life?

You're not logged in!

Compare scores with friends on all Sporcle quizzes.
OR
Log In

Sporcle TV

Today on Sporcle TV


Watch our educational content, quiz creation guides, and fun videos on Sporcle TV.

Show Comments

Extras

Top Quizzes Today


Score Distribution

Paid Content

Your Account Isn't Verified!

In order to create a playlist on Sporcle, you need to verify the email address you used during registration. Go to your Sporcle Settings to finish the process.

Report this User

Report this user for behavior that violates our Community Guidelines.

Details: